Themen Lehrwerk für Deutsch als Fremdsprache

Salvato in:
Dettagli Bibliografici
Natura: Libro
Lingua:tedesco
Pubblicazione: Bratislava Slovart 1991
Edizione:1. Aufl.
Soggetti:
Tags: Aggiungi Tag
Nessun Tag, puoi essere il primo ad aggiungerne!!

MARC

LEADER 00000nam a2200000 4500
001 c012783
005 20221221080440.5
041 0 |a ger 
044 |a SK 
245 1 0 |a Themen  |b Lehrwerk für Deutsch als Fremdsprache 
250 |a 1. Aufl. 
264 1 |a Bratislava  |b Slovart  |c 1991 
300 |a 239 s. 
610 2 0 |a nemčina 
610 2 0 |a jazykoveda 
610 2 0 |a terminológia